Towns of Mysore State / (Record no. 34886)
[ view plain ]
| 000 -LEADER | |
|---|---|
| fixed length control field | 00904nam a22002772a 4500 |
| 001 - CONTROL NUMBER | |
| control field | 34886 |
| 003 - CONTROL NUMBER IDENTIFIER | |
| rucl marc code | BD-RjUL |
| 005 - DATE AND TIME OF LATEST TRANSACTION | |
| control field | 20211209052227.0 |
| 008 - FIXED-LENGTH DATA ELEMENTS--GENERAL INFORMATION | |
| fixed length control field | 140519s1964 ii 000 0 eng d |
| 035 ## - SYSTEM CONTROL NUMBER | |
| System control number | (BD-RjUL)34980 |
| -- | OCLC ocm00259894 from D960809M |
| 040 ## - CATALOGING SOURCE | |
| Original cataloging agency | WSU |
| Transcribing agency | WSU |
| Modifying agency | UKM |
| -- | EQO |
| -- | BD-RjUL |
| Language of cataloging | eng |
| 041 ## - LANGUAGE CODE | |
| Language code of text/sound track or separate title | eng |
| 082 00 - DEWEY DECIMAL CLASSIFICATION NUMBER | |
| Classification number | 711.4095487 |
| Edition number | 18 |
| Author mark and year | RAT 1964 |
| 100 1# - MAIN ENTRY--PERSONAL NAME | |
| Personal name | Prakasa Rao, V. L. S., |
| Dates associated with a name | 1917- |
| 9 (RLIN) | 106199 |
| 245 10 - TITLE STATEMENT | |
| Title | Towns of Mysore State / |
| Statement of responsibility, etc. | V. L. S. Prakasa Rao. |
| 260 ## - PUBLICATION, DISTRIBUTION, ETC. (IMPRINT) | |
| Place of publication, distribution, etc. | Calcutta ; |
| -- | London : |
| Name of publisher, distributor, etc. | Asia Pub. House. |
| Date of publication, distribution, etc. | c1964. |
| 300 ## - PHYSICAL DESCRIPTION | |
| Pagination | vii, 120 p. ; |
| Illustrations | ill. ; |
| Size | 28 cm. |
| 490 1# - SERIES STATEMENT | |
| Series statement | Indian statistical series ; |
| Volume/sequential designation | no.22 |
| 504 ## - BIBLIOGRAPHY, ETC. NOTE | |
| Bibliography, etc | Bibliographical footnotes. |
| 650 #0 - SUBJECT ADDED ENTRY--TOPICAL TERM | |
| Topical term or geographic name as entry element | Regional planning |
| Geographic subdivision | Mysore |
| 9 (RLIN) | 106200 |
| 651 #0 - SUBJECT ADDED ENTRY--GEOGRAPHIC NAME | |
| Geographic name | Mysore |
| General subdivision | Economic conditions |
| 9 (RLIN) | 106201 |
| 830 #0 - SERIES ADDED ENTRY--UNIFORM TITLE | |
| Volume number/sequential designation | no.22 |
| Uniform title | Indian statistical series ; |
| 942 ## - ADDED ENTRY ELEMENTS (KOHA) | |
| Source of classification or shelving scheme | Dewey Decimal Classification |
| Koha item type | Books |
| Lost status | Source of classification or shelving scheme | Damaged status | Not for loan | Collection code | Permanent Location | Current Location | Shelving location | Date acquired | Source of acquisition | Cost, normal purchase price | Total Checkouts | Full call number | Date last seen | Copy number | Koha item type |
|---|---|---|---|---|---|---|---|---|---|---|---|---|---|---|---|
| Dewey Decimal Classification | Non-fiction | Central Library, University of Rajshahi | Central Library, University of Rajshahi | 02/09/1968 | Zeitlinger | 42.00 | 711.4095487 RAT 1964 | 19/05/2014 | C-2 | Books |